000 00655nam a22001937a 4500
005 20251108164404.0
008 250721s1982 xx 000 0 ara d
082 1 4 _a729.0956/عبد
100 1 _aحميد، عبد العزيز
245 1 0 _aالفنون الزخرفية العربية الإسلامية /
264 1 _aبغداد :
_bوزارة التعليم العالي و البحث العلمي،
_c1982.
300 _a350ص : مص
650 1 7 _aالزخرفة الإسلامية
650 1 7 _aالفنون الإسلامية
700 1 _aالعبيدي، صلاح
700 1 _aقاسم، أحمد
942 _2ddc
_cBK
999 _c10969
_d10969